Top 180 ADP 2024 Fantasy Football - Statistics

General Stats
  • This quiz has been taken 154 times
  • The average score is 132 of 180
Answer Stats
Rank Team Answer % Correct
27 KC Travis Kelce
100%
9 PHI AJ Brown
99%
8 DET Amon-Ra St. Brown
99%
161 NYJ Braelon Allen
99%
3 DAL Ceedee Lamb
99%
105 CIN Chase Brown
99%
1 SF Christian McCaffrey
99%
47 PHI Devonta Smith
99%
13 NYJ Garrett Wilson
99%
30 PHI Jalen Hurts
99%
22 BUF Josh Allen
99%
4 MIN Justin Jefferson
99%
102 KC Marquise Brown
99%
31 KC Patrick Mahomes
99%
2 MIA Tyreek Hill
99%
5 ATL Bijan Robinson
98%
6 NYJ Breece Hall
98%
26 SF Deebo Samuel
98%
12 DET Jahmyr Gibbs
98%
7 CIN Ja'Marr Chase
98%
116 DET Jameson Williams
98%
71 CHI Keenan Allen
98%
17 LAR Kyren Williams
98%
155 NO Taysom Hill
98%
45 NO Alvin Kamara
97%
92 WAS Brian Robinson Jr.
97%
96 CHI Caleb Williams
97%
19 LV Davante Adams
97%
18 BAL Derrick Henry
97%
20 MIA De'Von Achane
97%
172 SE Geno Smith
97%
81 DEN Javonte Williams
97%
11 IND Johnathan Taylor
97%
41 BAL Lamar Jackson
97%
160 ARI Michael Wilson
97%
37 TB Mike Evans
97%
139 NYJ Mike Williams
97%
65 PIT Najee Harris
97%
28 HOU Nico Collins
97%
14 LAR Puka Nacua
97%
53 MIN Aaron Jones
96%
35 SF Brandon Aiyuk
96%
49 HOU CJ Stroud
96%
40 CHI DJ Moore
96%
167 NE Hunter Henry
96%
23 GB Josh Jacobs
96%
15 ARI Marvin Harrison Jr.
96%
32 TB Rachaad White
96%
10 PHI Saquon Barkley
96%
67 LV Zamir White
96%
25 NO Chris Olave
95%
42 SEA DK Metcalf
95%
33 BUF James Cook
95%
39 MIA Jaylen Waddle
95%
118 BUF Curtis Samuel
94%
50 BAL Mark Andrews
94%
38 HOU Stefon Diggs
94%
36 LAR Cooper Kupp
93%
62 DET David Montgomery
93%
21 ATL Drake London
93%
63 SF George Kittle
93%
24 KC Isiah Pacheco
93%
44 HOU Joe Mixon
93%
43 SEA Kenneth Walker III
93%
29 DET Sam LaPorta
93%
68 HOU Tank Dell
93%
52 IND Anthony Richardson
92%
74 TB Chris Godwin
92%
55 PIT George Pickens
92%
57 ARI James Conner
92%
70 ARI Kyler Murray
92%
46 NYG Malik Nabers
92%
34 IND Michael Pittman Jr.
92%
66 WAS Terry McLaurin
92%
16 JAC Travis Etienne Jr.
92%
59 BAL Zay Flowers
92%
72 GB Jordan Love
91%
60 CIN Tee Higgins
91%
48 ARI Trey McBride
90%
51 BUF Dalton Kincaid
89%
77 MIA Raheem Mostert
89%
56 CHI D'Andre Swift
88%
61 CIN Joe Burrow
88%
54 CLE Amari Cooper
87%
64 ATL Kyle Pitts
87%
75 KC Rashee Rice
87%
78 TEN Calvin Ridley
86%
108 DET Jared Goff
86%
58 NE Rhamondre Stevenson
86%
100 GB Christian Watson
85%
157 CLE Deshaun Watson
85%
97 SF Brock Purdy
82%
69 JAC Christian Kirk
82%
76 DAL Dak Prescott
82%
79 TEN Tony Pollard
82%
73 JAC Evan Engram
81%
120 JAC Trevor Lawrence
81%
107 MIA Tua Tagovailoa
81%
87 CLE Nick Chubb
80%
80 GB Jayden Reed
78%
101 WAS Jayden Daniels
76%
94 CHI Rome Odunze
76%
98 MIN Jordan Addison
75%
82 KC Xavier Worthy
75%
117 JAC Brian Thomas Jr.
73%
123 LAC Justin Herbert
73%
170 CHI Khalil Herbert
73%
109 DAL Ezekiel Elliot
72%
131 SEA Tyler Lockett
72%
84 NYG Devin Singletary
71%
85 DAL Jake Ferguson
71%
83 CIN Zack Moss
71%
91 WAS Austin Ekeler
69%
90 CLE David Njoku
69%
88 CAR Diontae Johnson
69%
103 SEA Jaxon Smith-Njigba
69%
86 PIT Jaylen Warren
69%
106 BUF Keon Coleman
69%
122 BUF Khalil Shakir
68%
93 LV Brock Bowers
66%
129 CAR Chuba Hubbard
66%
112 PHI Dallas Goedert
66%
99 TEN DeAndre Hopkins
66%
126 GB Romeo Doubs
66%
133 ATL Kirk Cousins
65%
111 CLE Jerome Ford
61%
136 CLE Jerry Jeudy
61%
104 TEN Tyjae Spears
61%
156 CAR Adam Thielen
58%
125 HOU Dalton Schultz
58%
152 TB Baker Mayfield
57%
113 DEN Courtland Sutton
57%
128 DAL Rico Dowdle
57%
119 LAC JK Dobbins
56%
95 LAC Ladd McConkey
56%
137 NYJ Aaron Rodgers
55%
114 LAC Gus Edwards
55%
176 PIT Justin Fields
55%
144 LAR Matthew Stafford
55%
121 MIN TJ Hockenson
55%
124 SEA Zach Charbonnet
55%
89 CAR Johnathon Brooks
53%
143 DAL Brandin Cooks
50%
130 CHI Cole Kmet
49%
164 ATL Darnell Mooney
48%
142 JAC Gabe Davis
48%
162 BUF Ray Davis
48%
166 TEN Will Levis
47%
127 PIT Pat Freiermuth
45%
145 NO Rashid Shaheed
40%
115 LAR Blake Corum
38%
163 TB Bucky Irving
38%
171 LAC Quentin Johnston
38%
110 ARI Trey Benson
38%
158 IND Josh Downs
36%
154 GB Dontayvion Wicks
34%
134 LAC Joshua Palmer
34%
149 CAR Xavier Legette
34%
153 PHI Jahan Dotson
33%
141 IND Adonai Mitchell
31%
178 TB Cade Otton
31%
168 SF Elijah Mitchell
31%
140 ATL Tyler Allgeier
31%
159 NYG Tyrone Tracy Jr.
30%
148 GB Luke Musgrave
29%
165 NE Ja'Lynn Polk
27%
177 NE DeMario Douglas
26%
173 NYJ Tyler Conklin
26%
147 NE Antonio Gibson
25%
174 BAL Isaiah Likely
24%
132 MIN Ty Chandler
24%
135 LV Jakobi Myers
23%
146 DEN Jaleel McLaughlin
20%
175 SF Ricky Pearsall
20%
179 TEN Chigoziem Okonkwo
19%
138 MIA Jaylen Wright
15%
169 NO Kendre Miller
15%
150 GB Marshawn Lloyd
9%
151 LAC Kimani Vidal
8%
180 WAS Ben Sinnott
5%
No matching quizzes found
Score Distribution
Percent of People with Each Score
Percentile by Number Answered
Your Score History
You have not taken this quiz